Các thầy giáo Việt Nam

保存先:
書誌詳細
フォーマット: 図書
出版事項: 2010
タグ: タグ追加
タグなし, このレコードへの初めてのタグを付けませんか!
Thư viện lưu trữ: Mạng thư viện Đại học Đà Nẵng
LEADER 00436nam a22001811a 4500
001 000039430
003 15725
005 20160412022004.0
008 160412s2010 000
082 |a 4V(TK)1488 
245 |a Các thầy giáo Việt Nam  |c Phạm Khang 
260 |c 2010 
OWN |a LNN 
999 |a From the UDN01 
TYP |a Monograph 
980 |a Mạng thư viện Đại học Đà Nẵng